000
00225nam a2200097Ia 4500
008
230508s1998 xx 000 0 und d
041
_a
eng
100
_a
MAHAJAN S N
245
_a
METROLOGY AND QUALITY CONTROL
260
_c
1998
999
_c
341252
_d
341252